00529cam a22002051 4500001001300000003000400013005001700017008004100034010001700075035002000092040001800112042001200130050001800142100003400160245002600194260001200220300004900232500001500281651002700296ne 63002539 DLC20260227111753.0890613s1962 xx abf 000 0 ara  ane 63002539  a(OCoLC)23516041 aDLCcMiUdDLC apremarc00aTC558.E5bA831 aAmīn, Muḥammad Ḥusnī.13aal-Sadd al-ʻālī. c[1962.] a115 p.billus., plates, map, diagrs.c24 cm. aRomanized. 0aAswan High Dam (Egypt)